| 000 | 01225nam a2200229Ia 4500 | ||
|---|---|---|---|
| 001 | L235-7317 | ||
| 003 | IT-CnALBA | ||
| 008 | 170116s9999||||xx |||||||||||||| ||und|| | ||
| 040 |
_aIT-CnALBA _cIT-CnALBA |
||
| 041 | _aITALIANO | ||
| 100 | _aSTRATER PAOLO, SJ. | ||
| 245 | 0 | _aMARIA NELLA VITA E NELLA CRISTIANITA'. | |
| 250 | _a1a ed. | ||
| 260 |
_a TORINO - ROMA _bMARIETTI EDITORE _c1958 [1° Ed.:1958 - Ed.Ling.Originale: 1958] |
||
| 300 | _a208 p. (prefazione: 5) | ||
| 500 | _aTRADUZIONE DI FRANZ GLAENTZER E FILOGRASSI GIUSEPPE. CURATORE PAOLO STRATER. COAUTORI: FREITAG ANTONIO. THALHAMMER DOMENICO BEAUMER GIOVANNI TESTORI CELESTINO FECKES CARLO. CULTO A MARIA. SOSTEGNO DELLA VITA CRISTIANA. DEVOZIONE POPOLARE. MARIA E LE MISSI | ||
| 501 | _aSocietà San Paolo EM - Piazza San Paolo, 14 - 12051 ALBA (CN) (non commercial uses only) ® Copyright 2017 | ||
| 520 | _aTRADUZIONE DI FRANZ GLAENTZER E FILOGRASSI GIUSEPPE. CURATORE PAOLO STRATER. COAUTORI: FREITAG ANTONIO. THALHAMMER DOMENICO BEAUMER GIOVANNI TESTORI CELESTINO FECKES CARLO. CULTO A MARIA. SOSTEGNO DELLA VITA CRISTIANA. DEVOZIONE POPOLARE. MARIA E LE MISSI | ||
| 650 | _aMARIA SS. ANGELI SANTI DEMONI | ||
| 942 | _cBK | ||
| 957 | _71 | ||
| 999 |
_a8293 _bNO _g Copie: 1 _c266499 _d266499 |
||